Statistiques concernant Les jeux vidéos les plus vendus de la Nintendo 64

Cliquez ici pour prendre le quiz!

Statistiques générales

  • Ce quiz a été pris 319 fois
  • Le résultat moyen est 6 sur 15

Statistiques - réponses

Nombres d'exemplaires vendusNoms des jeux les plus vendus% Correct
11,89 millionsSuper Mario 64
92%
9,87 millionsMario Kart 64
73%
7,60 millionsThe Legend of Zelda: Ocarina of Time
70%
3,36 millionsThe Legend of Zelda: Majora's Mask
62%
5,55 millionsSuper Smash Bros.
57%
5,45 millionsPokémon Stadium
48%
5,27 millionsDonkey Kong 64
44%
3,65 millionsBanjo-Kazooie
43%
8,09 millionsGoldenEye 007
40%
4,03 millionsLylat Wars
36%
3,63 millionsPokémon Snap
30%
4,88 millionsDiddy Kong Racing
24%
2,85 millionsYoshi's Story
12%
3,12 millionsStar Wars, épisode I : Racer
5%
2,94 millionsWave Race 64
5%

Distribution des résultats

Percentile par nombre de réponses

% des personnes avec chaque résultat

Votre développement - résultats

Vous n’avez pas pris ce quiz